[Event "Belgrade-B"]
[Site "Belgrade"]
[Date "1991.??.??"]
[Round "4"]
[White "Nikolic, Sava N"]
[Black "Burmakin, Vladimir"]
[Result "1-0"]
[WhiteElo "2370"]
[BlackElo "2315"]

1.Nf3 d5 2.g3 g6 3.Bg2 Bg7 4.O-O e5 5.d3 Ne7 6.Nbd2 O-O 7.e4 c6 8.Re1 Qc7
9.b4 a5 10.bxa5 Rxa5 11.Bb2 Nd7 12.a4 Ra8 13.Ra2 b6 14.Qa1 d4 15.Nc4 Bb7
16.Rb1 c5 17.Bc1 Bc6 18.Ra3 Ra6 19.Qa2 Rfa8 20.Ng5 Rf8 21.f4 h6 22.Nf3 exf4
23.Bxf4 Qa7 24.Bd6 Re8 25.Ra1 Nc8 26.Bf4 Kh7 27.h4 Qa8 28.Bh3 Kh8 29.Nce5 Nxe5
30.Nxe5 Rxe5 31.Qxf7 Re7 32.Qxg6 Be8 33.Qf5 Na7 34.Bxh6 Qc6 35.Bf4 Kg8 36.Qg5 Qf6
37.Qd5+ Qf7 38.Qd6 Bf8 39.Qb8 Bd7 40.Bxd7 Rxd7 41.Rb3 Rb7 42.Qd8 b5 43.Rf1 Rd7
44.Qa8 b4 45.Bd6 Qxf1+ 46.Kxf1 Raxd6 47.Rb1 Nc6 48.Kg2 Rd8 49.Qb7 Ne5 50.Rf1 R6d7
51.Qb6 Bd6 52.Rf5 Kg7 53.a5 Rb8 54.Qa6 Rbb7 55.Qa8 Nf7 56.a6 Rbc7 57.h5 c4
58.dxc4 Rxc4 59.Qd5 Rxc2+ 60.Kh3 Kg8 61.Rxf7 Rxf7 62.a7 Rc8 63.a8=Q Rxa8
64.Qxa8+ Bf8 65.Qd8 b3 66.Qxd4 Bg7 67.e5 Rf5 68.Qd8+ Rf8 69.Qd5+ Kh8 70.Qxb3 Bxe5
71.Qe6 Bg7 72.g4 Rf3+ 73.Kh4 Bf6+ 74.g5 Rf4+ 75.Kg3 Bxg5 76.Qe5+  1-0

[Event "Belgrade-C"]
[Site "Belgrade"]
[Date "1991.??.??"]
[Round "9"]
[White "Todorcevic, Miodrag"]
[Black "Ciric, Dragoljub M"]
[Result "1/2-1/2"]
[WhiteElo "2480"]
[BlackElo "2380"]

1.Nf3 d5 2.g3 c6 3.Bg2 Bg4 4.d3 Nd7 5.Nbd2 Ngf6 6.O-O e5 7.c4 Bd6 8.a3 a5
9.h3 Bh5 10.cxd5 Nxd5 11.Nc4 Bc7 12.Qc2 O-O 13.b3 Re8 14.Bb2 f6 15.e4 N5b6
16.Ne3 Nf8 17.d4 Bxf3 18.Bxf3 Ne6 19.dxe5 Bxe5 20.Rad1 Qc7 21.Bh5 g6 22.Be2 Bxb2
23.Qxb2 Qe5 24.Qxe5 fxe5 25.Nc4 Nxc4 26.Bxc4 b5 27.Bxe6+ Rxe6 28.Rd7 a4 29.b4 Rf8
30.Kg2 Ref6 31.Rd3 g5 32.f3 h5 33.Rc1 Kg7 34.Rc5 g4 35.hxg4 hxg4 36.f4 exf4  1/2-1/2

[Event "Bellinge"]
[Site "Bellinge"]
[Date "1991.??.??"]
[Round "4"]
[White "Schandorff, Lars"]
[Black "Jelling, Erik"]
[Result "1/2-1/2"]
[WhiteElo "2425"]
[BlackElo "2365"]

1.Nf3 d5 2.g3 Nf6 3.Bg2 c6 4.c4 Bf5 5.O-O e6 6.d3 dxc4 7.dxc4 Qxd1 8.Rxd1 Nbd7
9.Nc3 h6 10.Nd4 Bg6 11.h3 e5 12.Nb3 Bc2 13.Rf1 Bb4 14.Be3 a5 15.Na4 Be7 16.Nbc5 Rb8
17.Rac1 Bf5 18.g4 Nxc5 19.Nxc5 Bc8 20.Nd3 Nd7 21.Bd2 Ra8 22.Bc3 h5 23.Bf3 hxg4
24.hxg4 f6 25.Kg2 Nf8 26.Rh1  1/2-1/2

[Event "Berliner Sommer"]
[Site "Berlin"]
[Date "1991.??.??"]
[Round "?"]
[White "Dirr, Ulrich"]
[Black "Dautov, Rustem"]
[Result "0-1"]
[WhiteElo "2270"]
[BlackElo "2595"]

1.Nf3 d5 2.g3 c6 3.Bg2 Nf6 4.O-O Bg4 5.h3 Bh5 6.d3 Nbd7 7.Nbd2 e5 8.e4 Bd6
9.b3 O-O 10.Bb2 Re8 11.Re1 a5 12.a3 Qc7 13.g4 Bg6 14.Nh4 dxe4 15.dxe4 Nc5
16.Nxg6 hxg6 17.Nc4 Bf8 18.Bc3 b6 19.Qf3 Ncd7 20.g5 Nh5 21.Rad1 b5 22.Rxd7 Qxd7
23.Nb6 Qa7 24.Nxa8 Bxa3 25.Ra1 b4 26.Bd2 Rxa8 27.c3 Qd7 28.Ra2 Rd8 29.Bf1 Qe7
30.h4 bxc3 31.Bxc3 Bb4 32.Rc2 Qd6 33.Rd2 Qxd2 34.Bxd2 Rxd2 35.Bc4 Nf4 36.Qg4 Rd8
37.Kh2 Bc5 38.Kg3 Nh5+ 39.Kg2 Rd2 40.Qc8+ Kh7 41.Qe8 Rxf2+ 42.Kg1 Re2+  0-1

[Event "Kreuzberg"]
[Site "Berlin"]
[Date "1991.??.??"]
[Round "11"]
[White "Marschner, Juergen"]
[Black "Rabiega, Robert"]
[Result "1/2-1/2"]
[WhiteElo "2280"]
[BlackElo "2325"]

1.Nf3 d5 2.g3 Nf6 3.Bg2 Bg4 4.c4 c6 5.O-O e6 6.b3 Nbd7 7.Bb2 Bd6 8.d3 O-O
9.Nbd2 Qe7 10.a3 a5 11.h3  1/2-1/2

[Event "Bern op"]
[Site "Bern"]
[Date "1991.??.??"]
[Round "5"]
[White "Dunnington, Angus J"]
[Black "Begovac, Franja"]
[Result "1/2-1/2"]
[WhiteElo "2345"]
[BlackElo "2405"]

1.Nf3 d5 2.g3 c5 3.Bg2 Nc6 4.d4 e6 5.O-O Nf6 6.c4 dxc4 7.Qa4 Bd7 8.dxc5 Bxc5
9.Qxc4 Be7 10.Nc3 Rc8 11.e4 Ne5 12.Qe2 Nxf3+ 13.Bxf3 Bc6 14.Rd1 Nd7 15.Nb5 Qa5
16.Nd4 Ne5 17.Nxc6 Rxc6 18.Bd2 Bb4 19.Bf4 O-O 20.a3 Be7 21.b4 Nxf3+ 22.Qxf3 Qb5
23.Qd3 Qb6 24.Be3 Qc7 25.Qd7 Bf6 26.Qxc7 Rxc7 27.Rac1 Rxc1 28.Rxc1 Bb2 29.Rc7 Bxa3
30.Rxb7 a6 31.Ra7  1/2-1/2

[Event "Bern op"]
[Site "Bern"]
[Date "1991.??.??"]
[Round "9"]
[White "Zolnierowicz, Krzysztof"]
[Black "Flear, Christine"]
[Result "1-0"]
[WhiteElo "2370"]
[BlackElo "2225"]

1.Nf3 d5 2.g3 Bg4 3.Bg2 Nf6 4.b3 e6 5.Bb2 Be7 6.O-O O-O 7.c4 Nbd7 8.d3 c6
9.Nbd2 Qc7 10.Rc1 Rad8 11.Rc2 Rfe8 12.Qa1 h6 13.Rfc1 Bxf3 14.Nxf3 a5 15.cxd5 exd5
16.e4 dxe4 17.dxe4 Bf8 18.e5 Nd5 19.Rc4 Nb4 20.Bf1 Na6 21.Bd4 Nb6 22.R4c2 Nb4
23.Re2 N6d5 24.a3 Nd3 25.Rcc2 b6 26.Red2 Nc5 27.Qb1 Ne6 28.Bb2 Rd7 29.Rc1 Red8
30.Bc4 Nc5 31.Ba1 Ne6 32.a4 Bb4 33.Rdd1 Bc5 34.Bb2 Qb8 35.Nh4 Ng5 36.Qf5 Ne7
37.Qxd7 Rxd7 38.Rxd7 Nh3+ 39.Kg2 Nxf2 40.Rf1 Qe8 41.e6 f6 42.Rxf2 Bxf2 43.Nf5 Nxf5
44.Rd8  1-0

[Event "Biel Mixed"]
[Site "Biel"]
[Date "1991.??.??"]
[Round "4"]
[White "Todorcevic, Miodrag"]
[Black "Landenbergue, Claude"]
[Result "1/2-1/2"]
[WhiteElo "2435"]
[BlackElo "2415"]

1.Nf3 d5 2.g3 g6 3.Bg2 Bg7 4.c4 e6 5.O-O Ne7 6.Qc2 O-O 7.d3 Nbc6 8.a3 a5
9.Nbd2 Nf5 10.e3 a4 11.Rb1 d4 12.Re1 dxe3 13.fxe3 e5 14.Ne4 h5 15.Bd2 Nd6
16.Nf2 Be6 17.Bc3 Qe7 18.Rbd1 Rfd8 19.h4 e4 20.dxe4 Nxc4 21.Rxd8+ Rxd8 22.Bxg7 Kxg7
23.Nd3 b5 24.Nf4 f6 25.Qc3 Bf7 26.Nd4 Nxd4 27.exd4 c5 28.d5 Qe5 29.Qxe5 Nxe5
30.Rc1 c4 31.Bh3 Kf8 32.Ne2 f5 33.exf5 gxf5 34.Nc3 Nd3 35.Rf1 f4 36.Bf5 Bxd5
37.Nxb5 Kg7 38.gxf4 Nxb2 39.Nc3 Kf6 40.Bh3 Bc6 41.Re1 Rd3 42.Re6+ Kf7 43.Rxc6 Rxc3
44.Be6+ Ke7 45.f5 Rxa3 46.Bd5 Rg3+ 47.Kf2 Rg4 48.f6+ Kd7 49.Ra6 Nd3+ 50.Ke3 Rg3+
51.Kd4 Rg4+ 52.Ke3 Rg3+ 53.Kd4 Rg4+ 54.Ke3  1/2-1/2

[Event "Biel op (Women)"]
[Site "Biel"]
[Date "1991.??.??"]
[Round "7"]
[White "Reicher, Rodica"]
[Black "Mira, Helene"]
[Result "1/2-1/2"]
[WhiteElo "2075"]
[BlackElo "2135"]

1.Nf3 d5 2.g3 Bg4 3.Bg2 Nd7 4.d4 e6 5.Nbd2 f5 6.h3 Bh5 7.c4 c6 8.O-O h6 9.cxd5 exd5
10.Qb3 Qc8 11.Qe3+ Ne7 12.Ne5 Nxe5 13.Qxe5 Qb8 14.Qxb8+ Rxb8 15.Nf3 Bxf3
16.Bxf3 g6 17.Bf4 Rd8 18.Be5 Rh7 19.e3 Bg7 20.Bxg7 Rxg7 21.Kh2 Nc8 22.Be2 a5
23.Rac1 Nd6 24.b3 Ra8 25.a4 Rc7 26.Rc2 Kd7 27.Rfc1 Rac8 28.g4 Rf8 29.gxf5 Nxf5
30.Rg1 g5 31.Bg4 Kd6 32.Bxf5 Rxf5 33.h4 Rcf7 34.hxg5 hxg5 35.Rg2 b6 36.Kg1 c5
37.Rd2 Ke6 38.Rg4 Rc7 39.e4 dxe4 40.Rxe4+ Kd5 41.Re8 cxd4 42.Rd8+ Kc6 43.R8xd4 Kb7
44.Kg2 Rc3 45.R4d3 Rxd3 46.Rxd3 b5 47.axb5 Kb6 48.Kg3 Kxb5 49.Rd4 Kc6 50.f3 Rb5
51.Rc4+ Kd5 52.Ra4 Kc6 53.Rc4+ Kb6 54.Rc3 Rd5 55.Kg4 Kb5 56.Rc8 Kb4 57.Rb8+ Ka3
58.Rb7 Kb2 59.Rb8 Kc3 60.Rb7 Kd4 61.b4  1/2-1/2

[Event "Bled/Rogaska Slatina"]
[Site "Bled"]
[Date "1991.??.??"]
[Round "9"]
[White "Mohr, Georg"]
[Black "Vaganian, Rafael A"]
[Result "0-1"]
[WhiteElo "2465"]
[BlackElo "2585"]

1.Nf3 d5 2.g3 c6 3.Bg2 Bg4 4.c4 dxc4 5.Na3 Qd5 6.O-O e6 7.Nh4 Qh5 8.Re1 Bxa3
9.bxa3 Qc5 10.Rb1 b6 11.Qc2 Ne7 12.Rb4 b5 13.d4 Qd6 14.Qe4 Bf5 15.Nxf5 exf5
16.Qf4 Qxf4 17.Bxf4 Na6 18.Rbb1 O-O-O 19.a4 b4 20.Rec1 c3 21.a3 bxa3 22.Rxc3 a2
23.Ra1 Rxd4 24.Rxa2 Rd1+ 25.Bf1 Rhd8 26.Kg2 Nb4 27.Rb2 a5 28.e3 Ned5 29.Rc5 Nxf4+
30.gxf4 R8d5 31.Rxd5 Rxd5 32.Bc4 Rd7 33.Kf3 Kc7 34.h4 Kd8 35.Ke2 Ke7 36.h5 g6
37.Rb1 Kf6 38.h6 Rd8 39.Rc1 Ke7 40.Rb1 f6 41.Rg1 Rb8 42.Rb1 Na6 43.Rxb8 Nxb8
44.Kd3 Nd7 45.Kd4 c5+ 46.Kd3 Nb6 47.Bb5 g5 48.e4 Ke6 49.Ke3 fxe4 50.fxg5 fxg5
51.Bc6 Ke5  0-1

[Event "Latin Cup Final"]
[Site "Bogota"]
[Date "1991.??.??"]
[Round "9"]
[White "Sunye Neto, Jaime"]
[Black "Toth, Christian Endre"]
[Result "0-1"]
[WhiteElo "2475"]
[BlackElo "2305"]

1.Nf3 d5 2.g3 c6 3.Bg2 Bg4 4.O-O Nd7 5.d3 e6 6.Nbd2 Bd6 7.h3 Bh5 8.b3 Ne7
9.Bb2 O-O 10.e4 Ne5 11.Qe1 Nxf3+ 12.Nxf3 Qc7 13.e5 Bc5 14.Kh1 Bxf3 15.Bxf3 a5
16.a3 Nf5 17.g4 Ne7 18.Bg2 a4 19.b4 Bb6 20.c4 dxc4 21.dxc4 Rfd8 22.c5 Ba7
23.Qe2 b6 24.cxb6 Qxb6 25.Rac1 Rac8 26.Rc4 Qa6 27.Qc2 Qb5 28.Rc1 c5 29.Ba1 h6
30.Be4 g6 31.bxc5 Rxc5 32.Rxc5 Qxc5 33.Qxc5 Bxc5 34.Rxc5 Rd1+ 35.Kg2 Rxa1
36.Rc3 Nd5 37.Bxd5 exd5 38.Rd3 Kf8 39.Rxd5  0-1

[Event "CSR-ch"]
[Site "Bratislava"]
[Date "1991.??.??"]
[Round "6"]
[White "Sarkozy, Ladislav"]
[Black "Dobrovolsky, Ladislav"]
[Result "1-0"]
[WhiteElo "2300"]
[BlackElo "2395"]

1.Nf3 d5 2.g3 Nf6 3.Bg2 e6 4.O-O Be7 5.c4 O-O 6.d4 Nbd7 7.b3 c6 8.Bb2 b6
9.Nbd2 Bb7 10.Ne5 Nxe5 11.dxe5 Nd7 12.e4 Nc5 13.Qe2 dxc4 14.Nxc4 Qd3 15.Qg4 Qd7
16.Rfd1 Qc7 17.f4 Rfd8 18.Nd6 g6 19.f5 Bxd6 20.exd6 Rxd6 21.Rxd6 Qxd6 22.Rd1 Nd3
23.e5 Qc5+ 24.Bd4 exf5 25.Bxc5 fxg4 26.Rxd3 bxc5 27.Rd7 Bc8 28.Rd8+ Kg7 29.Bxc6 Rb8
30.Bd5 a5 31.e6 fxe6 32.Bxe6 c4 33.Bxc4 a4 34.Be6 axb3 35.axb3 Ra8 36.Rxc8 Ra1+
37.Kf2 Ra2+ 38.Kg1 Ra1+ 39.Kf2 Ra2+ 40.Ke3 h5 41.h3 Rg2 42.hxg4 Rxg3+ 43.Kf4  1-0

[Event "Mitropa-Cup"]
[Site "Brno"]
[Date "1991.??.??"]
[Round "2"]
[White "Damljanovic, Branko"]
[Black "Costa, Jean Luc"]
[Result "0-1"]
[WhiteElo "2585"]
[BlackElo "2410"]

1.Nf3 d5 2.g3 e6 3.Bg2 g6 4.O-O Bg7 5.d3 Ne7 6.Nbd2 c5 7.e4 Nbc6 8.Re1 O-O
9.c3 d4 10.cxd4 Nxd4 11.Nxd4 Bxd4 12.e5 f6 13.Nf3 fxe5 14.Nxd4 exd4 15.Qc2 Qb6
16.Bh6 Re8 17.Rac1 Bd7 18.Qxc5 Qxc5 19.Rxc5 Rac8 20.Rec1 Rxc5 21.Rxc5 Bc6
22.Rc4 e5 23.Be4 Kf7 24.f3 Bxe4 25.dxe4 Rc8 26.Rxc8 Nxc8 27.Kf2 Nd6 28.Ke2 Ke6
29.Kd3 Nf7 30.Bd2 Nd8 31.a4 Nc6 32.Kc4 Nb8 33.b4 Nd7 34.f4 Nf6 35.Kd3 Ng4
36.fxe5 Nxh2 37.b5 Nf3 38.Bc1 h5 39.a5 a6 40.bxa6 bxa6 41.Bh6 Nxe5+ 42.Kxd4 Nc6+
43.Kc5 Nxa5 44.Bf4 Nb7+ 45.Kc6 Nd8+ 46.Kb6 Nf7 47.Kxa6 Nd6 48.Kb6 Nxe4 49.Kc6 Kf5
50.Kd5 h4 51.Bc7 hxg3  0-1

[Event "Brocco op"]
[Site "Brocco"]
[Date "1991.??.??"]
[Round "6"]
[White "Weindl, Alfred"]
[Black "Flear, Glenn C"]
[Result "1/2-1/2"]
[WhiteElo "2360"]
[BlackElo "2470"]

1.Nf3 d5 2.g3 c6 3.Bg2 Bg4 4.O-O Nd7 5.d3 e6 6.e4 Bd6 7.Qe1 Ne7 8.Nbd2 Qc7
9.h3 Bh5 10.Kh1 O-O 11.Ng1 f5 12.exf5 exf5 13.f4 Rae8 14.Ndf3 Nc8 15.Qc3 c5
16.b4 cxb4 17.Qxc7 Bxc7 18.Nd4 Ncb6 19.Bd2 a5 20.a3 Bd8 21.Ra2 Be7 22.axb4 axb4
23.Ne6 Rf6 24.Nc7 Rc8 25.Nxd5 Nxd5 26.Bxd5+ Bf7 27.Bxf7+ Kxf7 28.Rb1 Ra6
29.Rab2 Bf6 30.Rxb4 Rxc2 31.Rxb7 Rd6 32.Be1 Rxd3 33.R7b3 Rd6 34.Re3 Nc5 35.Re2 Rxe2
36.Nxe2 Re6 37.Ng1 Nd3 38.Nf3 Re2 39.Rd1 Nc5 40.Rd2 Re3 41.Kg2  1/2-1/2

[Event "Honved"]
[Site "Budapest"]
[Date "1991.??.??"]
[Round "?"]
[White "Loginov, Valery A"]
[Black "Stern, Rene"]
[Result "1-0"]
[WhiteElo "2540"]
[BlackElo "2360"]

1.Nf3 d5 2.g3 e6 3.Bg2 Nf6 4.O-O Be7 5.d3 O-O 6.Nbd2 c5 7.e4 Nc6 8.Re1 Qc7
9.e5 Nd7 10.Qe2 b5 11.h4 a5 12.Nf1 b4 13.N1h2 Ba6 14.h5 a4 15.h6 g6 16.Ng4 Nd4
17.Nxd4 cxd4 18.Bf4 Qb6 19.Qd2 Rfc8 20.Bg5 Bf8 21.b3 Rc3 22.Rec1 Rac8 23.f4 Qc6
24.f5 Rxc2 25.Rxc2 Qxc2 26.fxe6 fxe6 27.Bxd5 exd5 28.Qxc2 Rxc2 29.e6 Bb5
30.bxa4 Bxa4 31.exd7 Bxd7 32.Nf6+ Kf7 33.Nxd7 Bd6 34.Rf1+ Ke6 35.Nb6 Be5
36.Rf2 Rc3 37.Re2 Kf5 38.Nxd5 Rc5 39.Nf4 Rb5 40.Be7 b3 41.axb3 Rxb3 42.Re4 Bh8
43.g4+ Kxg4 44.Nxg6+ Kf3 45.Nh4+ Kg3 46.Bd6+ Kh3 47.Nf3 Bf6 48.Kh1  1-0

[Event "Spring op"]
[Site "Budapest"]
[Date "1991.??.??"]
[Round "4"]
[White "Khasin, Alexander"]
[Black "Bogdanovich, Grigory"]
[Result "1/2-1/2"]
[WhiteElo "2450"]
[BlackElo "2355"]

1.Nf3 d5 2.g3 c6 3.Bg2 Nf6 4.O-O e6 5.d3 Be7 6.Nbd2 Nbd7 7.e4 Qc7 8.Re1 dxe4
9.dxe4 e5 10.b3 O-O 11.Bb2 Re8 12.Nc4 Bf8 13.a4 b5 14.Ncd2 Bb7 15.Qe2 a6
16.h3 Rad8  1/2-1/2

[Event "Budapest"]
[Site "Budapest"]
[Date "1991.??.??"]
[Round "6"]
[White "Zueger, Beat"]
[Black "Varga, Zoltan"]
[Result "1/2-1/2"]
[WhiteElo "2425"]
[BlackElo "2370"]

1.g3 d5 2.Nf3 c5 3.Bg2 Nc6 4.O-O e5 5.d3 f6 6.e4 dxe4 7.dxe4 Qxd1 8.Rxd1 Nd4
9.Nxd4 cxd4 10.c3 Bc5 11.b4 Bb6 12.Bb2 Bg4 13.Rd2 O-O-O  1/2-1/2

[Event "Statisztika"]
[Site "Budapest"]
[Date "1991.??.??"]
[Round "6"]
[White "Nemeth, Zoltan"]
[Black "Izsak, Gyula"]
[Result "0-1"]
[WhiteElo "2345"]
[BlackElo "2285"]

1.Nf3 d5 2.g3 Nf6 3.Bg2 e6 4.O-O Be7 5.b3 O-O 6.Bb2 c5 7.e3 Nc6 8.Qe2 b6
9.c4 Bb7 10.Rd1 Qc7 11.Nc3 Rad8 12.cxd5 Nxd5 13.Nxd5 Rxd5 14.d4 Rdd8 15.Rac1 Qb8
16.dxc5 bxc5 17.Nd2 Nb4 18.Qg4 g6 19.Bxb7 Qxb7 20.Ra1 Nc2 21.Rab1 Nb4 22.a3 Nc6
23.Qc4 Rd5 24.Qc3 f6 25.Ne4 Ne5 26.Qc2 Nf3+ 27.Kg2 Nd2 28.f3 Nxb1 29.Rxb1 Qa6
30.Nf2 Rfd8 31.Bc3 Kf7 32.h4 c4 33.b4 Qxa3 34.e4 R5d7 35.Ra1 Qb3 36.Qc1 Kg8
37.Ra3 Rd1 38.Nxd1 Rxd1 39.Rxb3 Rxc1 40.Ra3 a5 41.Bd4 Rc2+ 42.Kf1 Bxb4 43.Ra1 e5
44.Bb6 c3 45.Ke1 Rh2 46.Kf1 Rh1+  0-1

[Event "Statisztika"]
[Site "Budapest"]
[Date "1991.??.??"]
[Round "7"]
[White "Gyorkos, Lajos"]
[Black "Nemeth, Zoltan"]
[Result "1-0"]
[WhiteElo "2390"]
[BlackElo "2345"]

1.Nf3 d5 2.g3 c6 3.Bg2 Nf6 4.O-O Bf5 5.d3 e6 6.c4 Nbd7 7.Nc3 h6 8.cxd5 cxd5
9.Qb3 Qb6 10.Qxb6 axb6 11.Nb5 Kd8 12.Bf4 Ne8 13.Rfc1 g5 14.Bd2 e5 15.h4 g4
16.Nh2 Be6 17.d4 f6 18.e4 dxe4 19.Bxe4 Nd6 20.Nc7 Nxe4 21.Nxe6+ Ke7 22.Nxf8 Nxf8
23.Bb4+ Ke6 24.dxe5 f5 25.Rc7 Rh7 26.Rac1 Rxc7 27.Rxc7 Nd7 28.a3 Rb8 29.Kg2 Nxe5
30.f3 Nf6 31.Re7+ Kd5 32.Bc3 Re8 33.Rxe8 Nxe8 34.Bxe5 Kxe5 35.fxg4 Nd6 36.Nf3+ Ke4
37.g5 h5 38.g6 Ne8 39.Ng5+ Ke5 40.Nh3 Kf6 41.Nf4 Nd6 42.Nxh5+ Kxg6 43.Nf4+ Kh6
44.Nd5 Nc4 45.Ne7 Nxb2 46.Nxf5+ Kh5 47.Kf3 Nc4 48.g4+ Kg6 49.Kf4 Nxa3 50.h5+ Kh7
51.g5 b5 52.g6+ Kg8 53.h6  1-0

[Event "Budapest IM"]
[Site "Budapest"]
[Date "1991.??.??"]
[Round "7"]
[White "Vujadinovic, Goran"]
[Black "Kostic, Vladimir"]
[Result "0-1"]
[WhiteElo "2360"]
[BlackElo "2375"]

1.Nf3 d5 2.g3 Nf6 3.Bg2 g6 4.O-O Bg7 5.d3 O-O 6.c3 b6 7.b4 Bb7 8.Nbd2 Nbd7
9.Re1 e5 10.e4 Re8 11.Bb2 c6 12.Qc2 Qc7 13.c4 d4 14.Nh4 Bf8 15.a3 a5 16.bxa5 Rxa5
17.Nb3 Ra7 18.Bh3 Rea8 19.Qc1 Bc8 20.Bf1 Nc5 21.Nxc5 Bxc5 22.Nf3 Qe7 23.Qg5 Nd7
24.Qh6 Qf8 25.Qc1 Bd6 26.h4 Nc5 27.Qc2 f6 28.Bc1 Be6 29.Nh2 Nd7 30.f4 Bxa3
31.Rxa3 Rxa3 32.f5 Ra2 33.Qd1 gxf5 34.exf5 Bxf5 35.Qf3 Qg7 36.g4 Be6 37.g5 fxg5
38.Bxg5 Rf8 39.Qxc6 Qf7  0-1

[Event "Cansys IM-B"]
[Site "Budapest"]
[Date "1991.??.??"]
[Round "7"]
[White "Urban, Julian"]
[Black "Vujosevic, Vladimir"]
[Result "1-0"]
[WhiteElo "2330"]
[BlackElo "2380"]

1.Nf3 d5 2.g3 Nf6 3.Bg2 e6 4.O-O c5 5.d3 Nc6 6.Nbd2 Be7 7.e4 O-O 8.Re1 b5
9.e5 Nd7 10.Nf1 Nb6 11.h4 f6 12.exf6 Bxf6 13.Ne3 e5 14.c4 bxc4 15.dxc4 d4
16.Nd5 Bg4 17.Qd3 Rc8 18.Ng5 Bxg5 19.Bxg5 Qd7 20.a3 Be6 21.Rac1 Kh8 22.Rc2 h6
23.Bc1 Bf5 24.Be4 Bxe4 25.Qxe4 Rcd8 26.Qg6 Nxd5 27.cxd5 Ne7 28.Qe6 Nxd5 29.Qxd7 Rxd7
30.Rxe5 Rc8 31.Rc4 Nf6 32.Bd2 Rb8 33.b4 cxb4 34.axb4 d3 35.Rec5 Re8 36.Rc8 Rxc8
37.Rxc8+ Kh7 38.f3 Rb7 39.Kf2 Nd5 40.Rc4 a5 41.bxa5 Rb2 42.Ke1 Rb3 43.Rd4 Ne7
44.g4 Nc6 45.Rd5 Nb4 46.Bxb4 Rxb4 47.Kd2 Ra4 48.Kxd3 g6 49.h5  1-0

[Event "Spring op"]
[Site "Budapest"]
[Date "1991.??.??"]
[Round "8"]
[White "Khasin, Alexander"]
[Black "Lazarev, Vladimir"]
[Result "0-1"]
[WhiteElo "2450"]
[BlackElo "2405"]

1.Nf3 d5 2.g3 c6 3.Bg2 Bg4 4.Ne5 Bh5 5.c4 e6 6.cxd5 exd5 7.d4 Bd6 8.Nc3 Nd7
9.Bf4 Bxe5 10.dxe5 Ne7 11.Qd2 Ng6 12.h3 Ndxe5 13.Bxe5 Nxe5 14.f4 Nc4 15.Qd4 f6
16.e4 O-O 17.exd5 Re8+ 18.Kf2 Ne3 19.Be4 cxd5 20.Nxd5 Rxe4 21.Qxe4 Nxd5 22.Qd4 Qa5
23.Rac1 Rd8 24.g4 Nb4 25.Qc4+ Bf7 26.Qc7 Qd5 27.Rcd1 Nd3+ 28.Kg3 h5 29.Rhe1 Qd4
30.Re2 Rd7 31.Qb8+ Kh7 32.b3 Re7  0-1

[Event "Elekes mem"]
[Site "Budapest"]
[Date "1991.??.??"]
[Round "9"]
[White "Stern, Rene"]
[Black "Somlai, Laszlo"]
[Result "1/2-1/2"]
[WhiteElo "2370"]
[BlackElo "2385"]

1.Nf3 d5 2.g3 Nf6 3.Bg2 c6 4.c4 Bf5 5.b3 e6 6.O-O h6 7.Bb2 Be7 8.d3 O-O 9.Nbd2 a5
10.a3 Bh7 11.Qc2 Nbd7 12.Rac1 Qb8 13.h3 e5 14.e4 dxe4 15.dxe4 b5 16.Rfe1 Re8
17.Nh4 Bc5 18.Nf5 Qb6 19.Re2 b4 20.a4 Rad8 21.Nf1 Nf8 22.N1e3 Qc7 23.Rd1 Ne6
24.Red2  1/2-1/2

[Event "Honved"]
[Site "Budapest"]
[Date "1991.??.??"]
[Round "9"]
[White "Petrosian, Arshak B"]
[Black "Horvath, Zoltan"]
[Result "1/2-1/2"]
[WhiteElo "2505"]
[BlackElo "2350"]

1.Nf3 d5 2.g3 Nf6 3.Bg2 e6 4.c4 Be7 5.b3 O-O 6.Bb2 Nbd7 7.O-O b6 8.e3 Bb7
9.Qe2 c5 10.Rd1 dxc4 11.bxc4 Qc7 12.d3 Rfd8 13.a4 a6 14.Nc3 Ne8 15.a5 bxa5
16.Ra3 Nb8 17.Rda1 Nc6 18.Ne4 Rd7 19.Ne1 Rad8 20.f4 Qb6 21.Bc3 Nb4 22.h3 Qa7
23.Nf2 Bxg2 24.Kxg2 Bf6 25.Bxf6 Nxf6 26.Rxa5 Ra8 27.Qf3 Rc7 28.g4 Nc6 29.R5a3 a5
30.g5 Nd7 31.Ne4 Rb8 32.Nc3 Rb2+ 33.Kg1 Qb8 34.Nb5 Rc8 35.R3a2 Rxa2 36.Rxa2 Nb6
37.Qe4 a4 38.Qg2 Qa8 39.Ra3 Nb4 40.Qxa8 Rxa8 41.Kf2 h6 42.h4 hxg5 43.hxg5 Rd8
44.Ke2 Kf8 45.Nc3 Ke7 46.Ne4 Rc8 47.Kd2 f5 48.gxf6+ gxf6 49.Kc3 Na6 50.Nc2 f5
51.Ng5 Rh8 52.Ra1 Nb8 53.Rb1 N8d7 54.Rb5 Rh1 55.Nf3 Rh3 56.Nd2 Kd6 57.Rb1 e5
58.fxe5+ Kxe5 59.Rf1 Nc8 60.Nf3+ Kf6 61.Nd2 Ke6 62.Ra1 Ncb6 63.Rg1 Ne5  1/2-1/2

[Event "Budapest"]
[Site "Budapest"]
[Date "1991.??.??"]
[Round "9"]
[White "Dobos, Jozsef"]
[Black "Somlai, Laszlo"]
[Result "1-0"]
[WhiteElo "2385"]
[BlackElo "2385"]

1.Nf3 d5 2.g3 Nf6 3.Bg2 c6 4.d3 Bf5 5.O-O e6 6.Nbd2 h6 7.Qe1 Be7 8.e4 Bh7
9.Qe2 O-O 10.b3 a5 11.a3 b5 12.Bb2 Re8 13.Ne5 Nfd7 14.f4 Nf8 15.Kh1 f6 16.Nef3 Nbd7
17.Bh3 Nc5 18.e5 f5 19.g4 Qd7 20.Nd4 g6 21.Rg1 Kf7 22.gxf5 exf5 23.Nxf5 gxf5
24.Rg7+ Kxg7 25.e6+ d4 26.exd7 Ncxd7 27.Bxd4+ Bf6 28.Qg2+ Ng6 29.Bxf6+ Nxf6
30.Bxf5 Kf7 31.Rg1 Rg8 32.Qxc6  1-0

[Event "Cansys IM-B"]
[Site "Budapest"]
[Date "1991.??.??"]
[Round "9"]
[White "Urban, Julian"]
[Black "Stajcic, Nikola"]
[Result "0-1"]
[WhiteElo "2330"]
[BlackElo "2345"]

1.Nf3 d5 2.g3 c6 3.Bg2 Nf6 4.O-O Bf5 5.d3 h6 6.b3 e6 7.Bb2 Be7 8.Nbd2 O-O
9.c4 Nbd7 10.a3 a5 11.Qc2 Re8 12.Ne5 Bh7 13.Nxd7 Qxd7 14.Rfc1 c5 15.Nf3 Rec8
16.Bh3 d4 17.b4 b6 18.Re1 cxb4 19.Qd2 Bc5 20.Qf4 Rd8 21.axb4 Bxb4 22.Bxd4 Bxe1
23.Bxf6 gxf6 24.Rxe1 Kg7 25.Rb1 Qd6 26.Qg4+ Bg6 27.Nh4 f5 28.Qf3 a4 29.Nxg6 Kxg6
30.e4 Qxd3 31.exf5+ Kh7 32.Qxd3 Rxd3 33.fxe6 Rb3 34.Rd1 fxe6 35.Bxe6 Kg6
36.c5 bxc5 37.Rd6 Rb1+ 38.Kg2 Kg7 39.Bf5 Rc1 40.Be4 Ra5  0-1

[Event "Cansys IM-A"]
[Site "Budapest"]
[Date "1991.??.??"]
[Round "11"]
[White "Schwarz, Michael"]
[Black "Pieper Emden, Carsten"]
[Result "1/2-1/2"]
[WhiteElo "2315"]
[BlackElo "2405"]

1.Nf3 d5 2.g3 c6 3.Bg2 Nf6 4.O-O Bf5 5.d4 e6 6.c4 Nbd7 7.Nc3 Be7 8.Nh4 Bg6
9.Nxg6 hxg6 10.Qb3 Qb6 11.e4 dxe4 12.Nxe4 Nxe4 13.Bxe4 Nf6 14.Bf3 O-O 15.Be3 Rfd8
16.Qc2 Qc7 17.Rfd1 Rd7 18.Rac1 Rad8 19.Qa4 Qb8 20.b4 a6 21.Qb3 e5 22.dxe5 Qxe5
23.Rxd7 Rxd7 24.Rd1 Rxd1+ 25.Bxd1 Qf5 26.Be2 Ng4 27.Bxg4 Qxg4 28.b5 cxb5
29.cxb5 axb5 30.Qxb5 Qc8 31.Bb6 Bf8 32.a4 Qe6 33.h4 Kh7 34.a5 Qe4 35.Qd7 Qf3
36.Qd8 Bb4 37.Qd4 Bc3 38.Qc4 Be5 39.Qf1 Kg8 40.Qg2 Qxg2+ 41.Kxg2 Kf8 42.Kf3 Ke7
43.Ke4 Ke6 44.Bd4 Bc7 45.Bc3 Bd8 46.Kd4 Kd6 47.Kc4 f6 48.Kb5 Ke6 49.Bb4 g5
50.hxg5 fxg5 51.Bc5 g4 52.Bb6 Bf6 53.Kc5 Bc3 54.Kc4 Be1 55.Kb5 Kd5 56.Be3 Ke4
57.Kb6  1/2-1/2

[Event "Autoteam"]
[Site "Budapest"]
[Date "1991.??.??"]
[Round "13"]
[White "Loginov, Valery A"]
[Black "Drasko, Milan"]
[Result "1/2-1/2"]
[WhiteElo "2540"]
[BlackElo "2495"]

1.Nf3 d5 2.g3 c6 3.Bg2 Bg4 4.c4 Bxf3 5.Bxf3 e6 6.cxd5 cxd5 7.O-O Nf6 8.d4 Nc6
9.Nc3 Bb4 10.Qd3 O-O 11.Bd2  1/2-1/2

[Event "Buenos Aires Konex"]
[Site "Buenos Aires"]
[Date "1991.??.??"]
[Round "2"]
[White "Gouveia, Carlos Eduardo"]
[Black "Cativelli, Gerardo"]
[Result "1-0"]
[WhiteElo "2390"]
[BlackElo "2220"]

1.g3 d5 2.Nf3 c6 3.Bg2 Bg4 4.d3 Nf6 5.Nbd2 Nbd7 6.h3 Bxf3 7.Bxf3 e5 8.O-O Bc5
9.e4 dxe4 10.dxe4 O-O 11.Nc4 Qe7 12.Qe2 Rfd8 13.Kh2 Nf8 14.c3 a5 15.a4 Qc7
16.Bg5 Qe7 17.Rad1 Ng4+ 18.Bxg4 Qxg5 19.h4 Qe7 20.Rxd8 Qxd8 21.Nxe5 Bd6 22.Nf3 Qe7
23.Kg2 Re8 24.Nd2 Ng6 25.Bf5 Nf8 26.f4 Bc7 27.Bg4 Qc5 28.e5 Ng6 29.Ne4 Qb6
30.Rd1 h6 31.Kh3 Nf8 32.h5 Rd8 33.Rxd8 Bxd8 34.Nd6 Qb3 35.Qc4 Qxc4 36.Nxc4 Ne6
37.Bxe6 fxe6 38.Nd6 b6 39.Kg4 Kf8 40.Kf3 Ke7 41.g4 Kd7 42.b3 Bc7 43.Nc4 b5
44.Na3 b4 45.cxb4 axb4 46.Nc4 c5 47.Ke4  1-0

[Event "Buenos Aires Konex"]
[Site "Buenos Aires"]
[Date "1991.??.??"]
[Round "6"]
[White "Sunye Neto, Jaime"]
[Black "Oblitas, Carlomagno"]
[Result "1/2-1/2"]
[WhiteElo "2475"]
[BlackElo "2350"]

1.Nf3 d5 2.g3 g6 3.Bg2 Bg7 4.O-O e5 5.c4 c6 6.Qa4 Nd7 7.cxd5 cxd5 8.Nc3 Ne7
9.Qb3 Nb6 10.d3 O-O 11.a4 a5 12.Bg5 Re8 13.e4 d4 14.Bxe7 Rxe7 15.Nd5 Nxd5
16.exd5 e4 17.dxe4 Rxe4 18.Nd2 Re8 19.Rfe1 Bf5 20.Rxe8+ Qxe8 21.Nc4 Qd8 22.h3 h5
23.Re1 Rc8 24.d6 Be6 25.Bf1 h4 26.Rxe6 fxe6 27.Nb6 Rc6 28.Qxe6+ Kh7 29.Nc4 hxg3
30.fxg3 Qg5 31.Kf2 Qf6+ 32.Qxf6 Bxf6 33.Kf3 Rc5 34.Ke4 Kg7 35.h4 b5 36.axb5 Rxb5
37.d7 d3 38.Bxd3 Rb7 39.Nxa5 Rxd7 40.Nc4 Rb7 41.Ke3 Bxb2 42.Nxb2 Rxb2 43.Be4 Kf6
44.Kf4 Rb5 45.Kf3 Ra5 46.Bd3 Ra3 47.Ke2  1/2-1/2

[Event "BUL-ch"]
[Site "?"]
[Date "1991.??.??"]
[Round "2"]
[White "Peev, Peicho Chonev"]
[Black "Banchev, Borislav"]
[Result "1-0"]
[WhiteElo "2400"]
[BlackElo "2245"]

1.Nf3 d5 2.g3 Nf6 3.Bg2 Bg4 4.O-O Nbd7 5.h3 Bh5 6.d3 e5 7.Nbd2 c6 8.e4 dxe4
9.dxe4 Be7 10.Qe2 O-O 11.a4 Qc7 12.Nc4 Rfe8 13.Bg5 Nc5 14.Bxf6 Bxf6 15.b4 Ne6
16.c3 Ng5 17.h4 Nxf3+ 18.Bxf3 Bxf3 19.Qxf3 Rad8 20.Rfd1 Rxd1+ 21.Rxd1 Rd8
22.Rd3 Be7 23.Qd1 Rxd3 24.Qxd3 f6 25.Kf1 Kf7 26.Ke2 Ke8 27.Ne3 Qd7 28.Qc4 Kf8
29.b5 g6 30.g4 Kg7 31.f3 Bd8 32.Qd3 Qxd3+ 33.Kxd3 cxb5 34.axb5 Kf7 35.Nd5 Ke6
36.Kc4 Kd6 37.Kb4 a6 38.bxa6 bxa6 39.Kc4 f5 40.g5 f4 41.Kb4 Kc6 42.Kc4 a5
43.Nf6 h5 44.Nd5 Bxg5 45.hxg5 h4 46.Nf6 h3 47.Ng4 Kb6 48.Kd5  1-0